000 00638nam a2200241Ia 4500
003 OSt
005 20221007082304.0
006 a|||||r|||| 00| 0
007 ta
008 221006b |||||||| |||| 00| 0 eng d
024 _a7,102
037 _cTextual
040 _aFLL
_cFLL
_beng
041 _2eng
_aeng
082 _aZ:3, K8.1
100 _aSchlesinger B. Rudolf Au.
_9698973
245 0 _aFormation of contracts a study of the common core of legal systems
260 _c1968
300 _a910p
_ccm.
490 _vVol.1
942 _hZ:3, K8.1
_cTEXL
_2CC
999 _c1165936
_d1165936